Statistics for Lyon Airport (LYS) Destinations

Click here to take the quiz!

General Stats

  • This quiz has been taken 45 times
    (30 since last reset)
  • The average score is 78 of 125

Answer Stats

AirlinesDestinations% Correct
easyJet Europe, Wizz AirLondon Gatwick (LGW)
100%
Bristish AirwaysLondon Heathrow (LHR)
100%
easyJet EuropeLondon Luton (LTN)
100%
Air FranceParis
100%
Vueling, easyJetBarcelona
95%
Iberia, VoloteaMadrid
95%
easyJet EuropeManchester
95%
Air Algerie,
Transavia France
Algiers
90%
Air France,
HOP Air France,
EasyJet Europe
Bordeaux
90%
Emirates,
Transavia France
Dubai
90%
Pegasus AirlinesIstanbul Sabiha Gokcen
(SAW)
90%
HOP Air France,
easyJet Europe, Volotea,
TwinJet
Milan Malpensa (MXP)
90%
easyJet EuropeNaples
90%
Air France,
easyJet Europe
Nice
90%
HOP Air France,
Vueling,
easyJet Europe, Wizz Air
Rome
90%
KLM, Air FranceAmsterdam
85%
Brussels AirlinesBrussels
85%
Royal Air Maroc,
Air Arabia
Casablanca
85%
LufthansaFrankfurt
85%
Turkish Airlines,
Transavia France
Istanbul Ataturk (ISL)
85%
Tap Air Portugal,
EasyJet Europe,
Transavia France
Lisbon
85%
LufthansaMunich
85%
Air France,
HOP Air France,
easyJet Europe, Volotea
Nantes
85%
TwinJetStuttgart
85%
Aegean Airlines,
Transavia France,
Volotea, Sky Express
(the airline of crete)
Athens
80%
easyJet Europe, VoloteaBerlin
80%
Aer LingusDublin
80%
HOP Air France,
TwinJet
Lille
80%
easyJet Europe,
Transavia France
Marrakech
80%
Air France,
HOP Air France
Marseille
80%
Air Canada, Air TransatMontreal
80%
easyJet EuropeSevilla
80%
Wizz AirTirana
80%
Air France,
HOP Air France,
easyJet Europe
Toulouse
80%
Swiss, TwinJetZurich
80%
Air Corsica,
easyJet Europe,
Volotea
Ajaccio
75%
Air Corsica, easyJet,
Volotea
Bastia
75%
Transavia FranceBudapest
75%
easyJet EuropeCopenhagen
75%
Tunisair,
Transavia France,
Nouvelair
Monastir
75%
AeroflotMoscow Sheremetyvo
(SVO)
75%
easyJet Europe,
Transavia France
Porto
75%
HOP Air France, VoloteaPrague
75%
Norwegian,
Transavia France
Stockholm
75%
Tunisair,
Transavia France,
Nouvelair
Tunis
75%
Austrian AirlinesVienna
75%
Wizz AirBucharest
70%
Aer LingusCork
70%
Air Senegal,
Transavia France
Dakar
70%
Qatar AirwaysDoha
70%
easyJet EuropeEdinburgh
70%
Vueling, easyJet Europe,
Transavia France,
Volotea
Malaga
70%
easyJet Europe,
Transavia France,
Volotea
Palermo
70%
HOP Air France, easyJetRennes
70%
Transavia France,
Volotea
Valencia
70%
Transavia France,
Volotea
Bari
65%
HOP Air France, TwinJetBologna
65%
HOP Air France,
easyJet Europe
Brest
65%
Air ArabiaFez
65%
easyJet EuropeIbiza
65%
Air MaltaMalta
65%
Air Algerie,
Transavia France
Oran
65%
Croatia Airlines,
easyJet Europe, Volotea
Split
65%
Royal Jordanian,
Transavia France
Amman
60%
Transavia FranceBeirut
60%
Air Serbia (Jat Airways),
Wizz Air
Belgrade
60%
VoloteaBilbao
60%
EurowingsDusseldorf
60%
VoloteaHamburg
60%
Aegean Airlines,
Transavia France,
Volotea, Sky Express
(the airline of crete)
Heraklion
60%
Corendon Airlines
(turkish low cost airline)
Izmir
60%
easyJet Europe, VoloteaKerkyra (Corfu)
60%
Wizz AirKrakow
60%
HOP Air FranceStrasbourg
60%
Air Arabia,
easyJet Europe
Tangier
60%
HOP Air France,
easyJet Europe
Venice
60%
Transavia France,
Sun Express
Antalya
55%
HOP Air France,
easyJet Europe, Volotea
Biarritz
55%
easyJet Europe, VoloteaDubrovnik
55%
easyJet Europe,
Trasavia France,
Volotea
Faro
55%
Transavia FranceLas Palmas
55%
easyJet EuropeMykonos
55%
Vueling, easyJet Europe,
Transavia France,
Volotea
Palma de Mallorca
55%
Transavia FranceRhodes
55%
Transavia FranceAgadir
50%
Transavia France,
Volotea
Alicante
50%
easyJet Europe, VoloteaCagliari
50%
HOP Air France,
Air Corsica,
easyJet
Calvi
50%
Tunisair,
Transavia France,
Nouvelair
Djerba
50%
VoloteaFlorence
50%
easyJet EuropeLiverpool
50%
HOP Air FrancePau
50%
Air MontenegroPodgorica
50%
Transavia FranceTel Aviv-Yafo
50%
easyJet EuropeCatania
45%
Wizz AirCluj-Napoca
45%
BRA (Sweden Airlines)Gothenburg
45%
easyJet Europe, VoloteaLanzarote
45%
easyJet Europe,
Transavia France,
Volotea
Menorca (Mahon)
45%
easyJet Europe,
Transavia France
Tenerife
45%
Pacific Airways
(Air Armenia)
Yerevan
45%
easyJet EuropeBirmingham
40%
easyJet EuropeBristol
40%
easyJet EuropeChania
40%
Air Algérie,
Transavia France
Constantine
40%
HOP Air France,
Air Corsica,
easyJet Europe, Volotea
Figari
40%
easyJet Europe,
Transavia France,
Volotea
Olbia
40%
Transavia France,
Volotea
Thira (Santorini)
40%
Transavia France,
Sun Express
Hurghada
35%
Tus AirLarnaca
35%
easyJet EuropeLa Rochelle
35%
VoloteaPuerto Del Rosario
35%
CorsairSaint Denis La Réunion
35%
Air AlgerieBatna
30%
HOP Air FranceCaen
30%
easyJet EuropeFunchal
30%
easyJet EuropeKos
30%
Chalair (Air France)Limoges
30%
Transavia FranceOujda
30%
CorsairPointe à Pitre
30%
Transavia FranceSfax
25%
Air AlgerieAnnaba
20%
Air Algerie,
Transavia France
Bejaia
20%
Air Algerie, VoloteaSetif
15%
Air Algerie,
Transavia France
Tlemcen
15%

Score Distribution

Percentile by Number Answered

Percent of People with Each Score

Your Score History

You have not taken this quiz since the last reset